000 00681nam a22002417a 4500
003 Ost
005 20140310184528.0
008 131118t xxu||||| |||| 00| 0 eng d
020 _a9780590457439
050 _aPZ 7
_b.W8606Mag 1994
100 _aWoodruff, Elvira.
_95590
245 _aThe magnificent mummy maker /
_bElvira Woodruff.
260 _aNew York :
_bScholastic,
_c1994.
300 _a132 p. :
_c19 cm.
521 _aG6
526 _c800
650 _aBrothers and sisters
_xFiction.
_930477
650 _aStepfamilies
_xFiction.
_930478
650 _aSchools
_xFiction.
_930479
650 _aMummies
_xFiction.
_930480
942 _2lcc
_cBK-SCHOLAS
999 _c35185
_d35185